[Event "Guillermo Garcia Memorial"]
[Site "Santa Clara"]
[Date "2008.05.23"]
[Round "5"]
[White "Martinez Duany, Lelys Stanley"]
[Black "Delgado Ramirez, Neuris"]
[Result "1-0"]
[WhiteElo "2499"]
[BlackElo "2530"]
[PlyCount "85"]
[EventDate "2008.05.19"]
[EventType "tourn"]
[EventRounds "9"]
[EventCountry "CUB"]
[EventCategory "11"]
[SourceTitle "CBM 124 Extra"]
[Source "ChessBase"]
[SourceDate "2008.07.03"]
[SourceVersion "1"]
[SourceVersionDate "2008.07.03"]
[SourceQuality "1"]

1. Nf3 d5 2. c4 e6 3. g3 dxc4 4. Qa4+ Nd7 5. Bg2 a6 6. Qxc4 b5 7. Qc2 Bb7 8.
O-O Ngf6 9. a4 c5 10. d3 Be7 11. Nc3 Qb6 12. axb5 axb5 13. Rxa8+ Bxa8 14. Qb3
b4 15. Nd1 O-O 16. Ne3 Qa6 17. Nd2 Bxg2 18. Kxg2 Ne5 19. Nec4 Nc6 20. Qd1 Nd5
21. Nb3 Nd4 22. e4 Nxb3 23. Qxb3 Nb6 24. Nxb6 Qxb6 25. Be3 Rd8 26. Rc1 h6 27.
Kf1 Qc7 28. Qxb4 Qxg3 29. hxg3 cxb4 30. Ke2 Bf6 31. b3 Bc3 32. Bd2 Bxd2 33.
Kxd2 f5 34. Ke3 fxe4 35. dxe4 Rb8 36. Rc7 Kh7 37. Rc6 Kg8 38. Rxe6 Rc8 39. Rd6
Rc3+ 40. Rd3 Rc2 41. f3 Kf7 42. Kf4 Ke6 43. Rd4 1-0

[Event "Guillermo Garcia Memorial"]
[Site "Santa Clara"]
[Date "2008.05.24"]
[Round "6"]
[White "Delgado Ramirez, Neuris"]
[Black "Stamenkovic, Dragan"]
[Result "1/2-1/2"]
[WhiteElo "2530"]
[BlackElo "2440"]
[PlyCount "70"]
[EventDate "2008.05.19"]
[EventType "tourn"]
[EventRounds "9"]
[EventCountry "CUB"]
[EventCategory "11"]
[SourceTitle "CBM 124 Extra"]
[Source "ChessBase"]
[SourceDate "2008.07.03"]
[SourceVersion "1"]
[SourceVersionDate "2008.07.03"]
[SourceQuality "1"]

1. e4 c5 2. Nf3 g6 3. c3 Bg7 4. d4 cxd4 5. cxd4 d5 6. e5 Bg4 7. Bb5+ Nc6 8.
Nbd2 Qb6 9. Bxc6+ Qxc6 10. O-O Nh6 11. h3 Bf5 12. Nb3 Bc2 13. Qd2 b6 14. Ne1
Rc8 15. Nxc2 Qxc2 16. Qb4 O-O 17. Qxe7 a5 18. Qb7 Nf5 19. Bd2 Rb8 20. Qd7 Rfd8
21. Qb5 Qc4 22. a4 Nxd4 23. Nxd4 Qxd4 24. Bc3 Qf4 25. g3 Qf5 26. Rad1 Bxe5 27.
Rxd5 Rxd5 28. Qxd5 Bxc3 29. Qxf5 gxf5 30. bxc3 Rc8 31. Rb1 Rxc3 32. Rxb6 f4 33.
Rb5 fxg3 34. Rg5+ Kf8 35. fxg3 h6 1/2-1/2

[Event "Guillermo Garcia Memorial"]
[Site "Santa Clara"]
[Date "2008.05.25"]
[Round "7"]
[White "Arencibia Rodriguez, Walter"]
[Black "Delgado Ramirez, Neuris"]
[Result "1/2-1/2"]
[WhiteElo "2534"]
[BlackElo "2530"]
[PlyCount "28"]
[EventDate "2008.05.19"]
[EventType "tourn"]
[EventRounds "9"]
[EventCountry "CUB"]
[EventCategory "11"]
[SourceTitle "CBM 124 Extra"]
[Source "ChessBase"]
[SourceDate "2008.07.03"]
[SourceVersion "1"]
[SourceVersionDate "2008.07.03"]
[SourceQuality "1"]

1. e4 c5 2. c3 Nf6 3. e5 Nd5 4. Nf3 Nc6 5. Bc4 Nb6 6. Bb3 d5 7. exd6 Qxd6 8.
O-O Bf5 9. d4 cxd4 10. Nxd4 Nxd4 11. cxd4 Bxb1 12. Rxb1 e6 13. Qf3 Qc6 14.
Qxc6+ bxc6 1/2-1/2

[Event "Guillermo Garcia Memorial"]
[Site "Santa Clara"]
[Date "2008.05.26"]
[Round "8"]
[White "Delgado Ramirez, Neuris"]
[Black "Matsuura, Everaldo"]
[Result "1-0"]
[WhiteElo "2530"]
[BlackElo "2500"]
[PlyCount "71"]
[EventDate "2008.05.19"]
[EventType "tourn"]
[EventRounds "9"]
[EventCountry "CUB"]
[EventCategory "11"]
[SourceTitle "CBM 124 Extra"]
[Source "ChessBase"]
[SourceDate "2008.07.03"]
[SourceVersion "1"]
[SourceVersionDate "2008.07.03"]
[SourceQuality "1"]

1. e4 c5 2. Nf3 Nc6 3. Bb5 e6 4. O-O Nge7 5. c3 a6 6. Ba4 b5 7. Bc2 Bb7 8. Re1
d5 9. e5 d4 10. Be4 Ng6 11. cxd4 cxd4 12. d3 Be7 13. Nbd2 O-O 14. Nb3 Rb8 15.
Bd2 Qb6 16. h4 Rfc8 17. h5 Nf8 18. h6 g6 19. Bg5 Bb4 20. Re2 Nd7 21. a3 Bf8 22.
Qd2 b4 23. a4 Na5 24. Nxa5 Qxa5 25. Qf4 Nc5 26. Bxb7 Rxb7 27. Nh2 Nb3 28. Rf1
Qxa4 29. Ng4 Qb5 30. Nf6+ Kh8 31. Qf3 Nc5 32. Rc1 Rbc7 33. Rec2 Qb6 34. Kh2 a5
35. Rxc5 Rxc5 36. Nd7 1-0

[Event "Guillermo Garcia Memorial"]
[Site "Santa Clara"]
[Date "2008.05.27"]
[Round "9"]
[White "Cordova, Emilio"]
[Black "Delgado Ramirez, Neuris"]
[Result "0-1"]
[WhiteElo "2518"]
[BlackElo "2530"]
[PlyCount "42"]
[EventDate "2008.05.19"]
[EventType "tourn"]
[EventRounds "9"]
[EventCountry "CUB"]
[EventCategory "11"]
[SourceTitle "CBM 124 Extra"]
[Source "ChessBase"]
[SourceDate "2008.07.03"]
[SourceVersion "1"]
[SourceVersionDate "2008.07.03"]
[SourceQuality "1"]

1. d4 Nf6 2. Bg5 e6 3. e4 c5 4. e5 h6 5. Bh4 g5 6. Bg3 Ne4 7. Nc3 Qa5 8. d5
Nxc3 9. Qd2 exd5 10. bxc3 Nc6 11. Nf3 d6 12. Be2 Bg7 13. O-O dxe5 14. Nxe5 Nxe5
15. Qe3 O-O 16. Bxe5 Re8 17. f4 gxf4 18. Qxf4 Rxe5 19. Qxf7+ Kh8 20. Bd3 c4 21.
Bg6 Qb6+ 0-1

[Event "Carlos Torre Memorial op 21st"]
[Site "Merida"]
[Date "2008.12.13"]
[Round "1"]
[White "Hung, Daniel"]
[Black "Delgado Ramirez, Neuris"]
[Result "0-1"]
[WhiteElo "2165"]
[BlackElo "2549"]
[PlyCount "53"]
[EventDate "2008.12.13"]
[EventType "swiss"]
[EventRounds "9"]
[EventCountry "MEX"]
[SourceTitle "CBM 127 Extra"]
[Source "ChessBase"]
[SourceDate "2009.01.08"]
[SourceVersion "2"]
[SourceVersionDate "2009.01.28"]
[SourceQuality "1"]

1. e4 c5 2. Nf3 d6 3. d4 cxd4 4. Nxd4 Nf6 5. Nc3 Nc6 6. Bc4 e5 7. Nde2 Be6 8.
Bxe6 fxe6 9. Bg5 Be7 10. Qd2 O-O 11. O-O-O a6 12. f4 b5 13. Bxf6 Bxf6 14. Qxd6
Qc8 15. f5 Nd4 16. Nxd4 exd4 17. Ne2 exf5 18. Nxd4 fxe4 19. Rhe1 Kh8 20. Ne6
Re8 21. Rxe4 a5 22. Nc5 Qf5 23. Qd5 Qg6 24. Rde1 Red8 25. Qe6 Qg5+ 26. Kb1 Qxc5
27. Qf7 0-1

[Event "Carlos Torre Memorial op 21st"]
[Site "Merida"]
[Date "2008.12.14"]
[Round "2"]
[White "Delgado Ramirez, Neuris"]
[Black "Ordaz Valdes, Lisandra Teresa"]
[Result "1-0"]
[WhiteElo "2549"]
[BlackElo "2306"]
[PlyCount "111"]
[EventDate "2008.12.13"]
[EventType "swiss"]
[EventRounds "9"]
[EventCountry "MEX"]
[SourceTitle "CBM 127 Extra"]
[Source "ChessBase"]
[SourceDate "2009.01.08"]
[SourceVersion "2"]
[SourceVersionDate "2009.01.28"]
[SourceQuality "1"]

1. e4 e5 2. Nf3 Nf6 3. d4 Nxe4 4. Bd3 Nc6 5. dxe5 d5 6. exd6 Nxd6 7. Nc3 Be7 8.
Bf4 Be6 9. Qd2 Qd7 10. O-O-O O-O-O 11. Qe3 a6 12. Be4 Kb8 13. Bd5 Bf6 14. Bxd6
cxd6 15. Ne4 Be7 16. Bxc6 Qxc6 17. Nd4 Qb6 18. Ng5 Bf6 19. Ne4 Be7 20. Qg3 Rdg8
21. Rhe1 Ka8 22. Nc3 Bf6 23. Nxe6 fxe6 24. Rxe6 Bxc3 25. bxc3 Qa5 26. Kb2 Rc8
27. Rd4 Rc5 28. Rb4 Rg8 29. Rb3 Rgc8 30. Qf3 Rb5 31. Rxd6 Rc4 32. Rd4 Rxd4 33.
cxd4 Qd8 34. Qe4 Qd7 35. c4 Rf5 36. Rf3 Rxf3 37. gxf3 Qa4 38. Qd3 Qb4+ 39. Kc2
Qe1 40. Qd2 Qf1 41. Kc3 Qa1+ 42. Kd3 Qh1 43. d5 Qxf3+ 44. Qe3 Qd1+ 45. Ke4 Qc2+
46. Kd4 Qb2+ 47. Kc5 Qxa2 48. d6 Qa5+ 49. Kd4 Qa1+ 50. Kd5 Qd1+ 51. Ke6 Qg4+
52. Ke7 Qh4+ 53. Ke8 Qh5+ 54. Kd8 Qh4+ 55. Qe7 Qxh2 56. Kc7 1-0

[Event "Carlos Torre Memorial op 21st"]
[Site "Merida"]
[Date "2008.12.14"]
[Round "3"]
[White "Martinez Duany, Lelys Stanley"]
[Black "Delgado Ramirez, Neuris"]
[Result "1/2-1/2"]
[WhiteElo "2485"]
[BlackElo "2549"]
[PlyCount "29"]
[EventDate "2008.12.13"]
[EventType "swiss"]
[EventRounds "9"]
[EventCountry "MEX"]
[SourceTitle "CBM 127 Extra"]
[Source "ChessBase"]
[SourceDate "2009.01.08"]
[SourceVersion "2"]
[SourceVersionDate "2009.01.28"]
[SourceQuality "1"]

1. e4 c5 2. Nf3 d6 3. d4 cxd4 4. Nxd4 Nf6 5. Nc3 Nc6 6. Bg5 e6 7. Qd2 a6 8.
O-O-O Bd7 9. Kb1 h6 10. Bh4 Nxe4 11. Nxe4 Qxh4 12. Nxd6+ Bxd6 13. Nf3 Qe7 14.
Qxd6 Qxd6 15. Rxd6 1/2-1/2

[Event "Carlos Torre Memorial op 21st"]
[Site "Merida"]
[Date "2008.12.15"]
[Round "4"]
[White "Delgado Ramirez, Neuris"]
[Black "Cabrera Trujillo, Jorge Juan"]
[Result "1-0"]
[WhiteElo "2549"]
[BlackElo "2438"]
[PlyCount "99"]
[EventDate "2008.12.13"]
[EventType "swiss"]
[EventRounds "9"]
[EventCountry "MEX"]
[SourceTitle "CBM 127 Extra"]
[Source "ChessBase"]
[SourceDate "2009.01.08"]
[SourceVersion "2"]
[SourceVersionDate "2009.01.28"]
[SourceQuality "1"]

1. c4 e5 2. g3 Nf6 3. Bg2 d5 4. cxd5 Nxd5 5. Nf3 Nc6 6. O-O Nb6 7. b3 Be7 8.
Bb2 Bf6 9. Nc3 Bf5 10. d3 O-O 11. Nd2 Qd7 12. Nc4 Be7 13. Bxc6 Qxc6 14. Nxe5
Qe6 15. Nb5 Rac8 16. Nf3 Bh3 17. Re1 a6 18. Nbd4 Qd6 19. Nc2 f5 20. Qd2 Qg6 21.
Kh1 Rce8 22. Ne3 Qh5 23. Qa5 Bf6 24. Bxf6 Rxf6 25. Rac1 Bg4 26. Nxg4 Qxg4 27.
Kg2 Re7 28. Qc5 Kf8 29. h3 Qh5 30. a4 Rc6 31. Qb4 Rh6 32. Rh1 Nd5 33. Qc5 c6
34. e3 f4 35. e4 fxg3 36. fxg3 Rf6 37. Rhf1 b6 38. Qd4 Ref7 39. exd5 Rxf3 40.
Rxc6 Rxg3+ 41. Kxg3 Qg5+ 42. Qg4 Qe3+ 43. Kh4 Qe7+ 44. Qg5 Qxg5+ 45. Kxg5 Rxf1
46. Rxb6 h6+ 47. Kg6 Rf3 48. d6 Rf6+ 49. Kh7 h5 50. d7 1-0

[Event "Carlos Torre Wimbledon 21th"]
[Site "Merida"]
[Date "2008.12.17"]
[Round "1.1"]
[White "Gonzalez Garcia, Jose"]
[Black "Delgado Ramirez, Neuris"]
[Result "1/2-1/2"]
[WhiteElo "2508"]
[BlackElo "2549"]
[PlyCount "37"]
[EventDate "2008.12.17"]
[EventType "k.o."]
[EventRounds "5"]
[EventCountry "MEX"]
[SourceTitle "CBM 127 Extra"]
[Source "ChessBase"]
[SourceDate "2009.01.08"]
[SourceVersion "2"]
[SourceVersionDate "2009.01.28"]
[SourceQuality "1"]

1. d4 d5 2. c4 e6 3. Nf3 Be7 4. Nc3 Nf6 5. Bg5 O-O 6. e3 h6 7. Bh4 Ne4 8. Bxe7
Qxe7 9. Rc1 c6 10. Bd3 Nxc3 11. Rxc3 Nd7 12. O-O e5 13. dxe5 dxc4 14. Rxc4 Nxe5
15. Nxe5 Qxe5 16. Qc2 Be6 17. Rc5 Qd6 18. Rd1 Qe7 19. a3 1/2-1/2

[Event "Carlos Torre Wimbledon 21th"]
[Site "Merida"]
[Date "2008.12.17"]
[Round "1.2"]
[White "Delgado Ramirez, Neuris"]
[Black "Gonzalez Garcia, Jose"]
[Result "1/2-1/2"]
[WhiteElo "2549"]
[BlackElo "2508"]
[PlyCount "83"]
[EventDate "2008.12.17"]
[EventType "k.o."]
[EventRounds "5"]
[EventCountry "MEX"]
[SourceTitle "CBM 127 Extra"]
[Source "ChessBase"]
[SourceDate "2009.01.08"]
[SourceVersion "2"]
[SourceVersionDate "2009.01.28"]
[SourceQuality "1"]

1. c4 c6 2. Nf3 d5 3. e3 Nf6 4. b3 Bg4 5. Bb2 e6 6. Be2 Nbd7 7. d3 Bb4+ 8. Nbd2
Bxf3 9. gxf3 Qe7 10. a3 Bd6 11. f4 e5 12. fxe5 Bxe5 13. d4 Bd6 14. Qc2 O-O 15.
Qf5 Rfe8 16. h4 a6 17. Rg1 Nf8 18. c5 Bc7 19. O-O-O Ne6 20. h5 h6 21. Rg2 Kf8
22. Rdg1 Nf4 23. exf4 Qxe2 24. Rxg7 Qe6 25. Qxe6 Rxe6 26. Nf3 Bxf4+ 27. Kb1 Ke7
28. Ne5 Bxe5 29. dxe5 Nxh5 30. R7g4 Rg6 31. Rxg6 fxg6 32. Rxg6 Rf8 33. Rxh6 Nf4
34. Bc1 Ne6 35. Rh2 Nxc5 36. Bg5+ Kf7 37. f4 Ne4 38. Rh7+ Kg6 39. Rxb7 Nxg5 40.
fxg5 Re8 41. Rb6 Re6 42. Rxa6 1/2-1/2

[Event "Carlos Torre Wimbledon 21th"]
[Site "Merida"]
[Date "2008.12.17"]
[Round "1.3"]
[White "Gonzalez Garcia, Jose"]
[Black "Delgado Ramirez, Neuris"]
[Result "1/2-1/2"]
[WhiteElo "2508"]
[BlackElo "2549"]
[PlyCount "70"]
[EventDate "2008.12.17"]
[EventType "k.o."]
[EventRounds "5"]
[EventCountry "MEX"]
[SourceTitle "CBM 127 Extra"]
[Source "ChessBase"]
[SourceDate "2009.01.08"]
[SourceVersion "2"]
[SourceVersionDate "2009.01.28"]
[SourceQuality "1"]

1. d4 d5 2. c4 e6 3. Nf3 Nf6 4. Nc3 Be7 5. Bf4 O-O 6. e3 Nbd7 7. cxd5 Nxd5 8.
Nxd5 exd5 9. Bd3 Bb4+ 10. Ke2 Nf6 11. Qc2 Bd6 12. Ne5 h6 13. h3 Re8 14. Rhd1
Be6 15. Rac1 c6 16. g4 Qc7 17. Bg3 Ne4 18. Bxe4 dxe4 19. Rg1 Rac8 20. Nc4 Bxg3
21. Rxg3 Bd5 22. Rgg1 Be6 23. Rg3 Bd5 24. b4 Be6 25. Rgg1 Bd5 26. Rg3 Qe7 27.
a3 Rcd8 28. Ne5 a5 29. Qc5 axb4 30. Qxe7 Rxe7 31. axb4 Ra8 32. Rc2 g5 33. Rg1
Bb3 34. Rb2 Ba4 35. Rc1 Bb5+ 1/2-1/2

[Event "Carlos Torre Wimbledon 21th"]
[Site "Merida"]
[Date "2008.12.17"]
[Round "1.4"]
[White "Delgado Ramirez, Neuris"]
[Black "Gonzalez Garcia, Jose"]
[Result "1-0"]
[WhiteElo "2549"]
[BlackElo "2508"]
[PlyCount "40"]
[EventDate "2008.12.17"]
[EventType "k.o."]
[EventRounds "5"]
[EventCountry "MEX"]
[SourceTitle "CBM 127 Extra"]
[Source "ChessBase"]
[SourceDate "2009.01.08"]
[SourceVersion "2"]
[SourceVersionDate "2009.01.28"]
[SourceQuality "1"]

1. c4 Nf6 2. g3 c6 3. Bg2 d5 4. Qc2 g6 5. b3 Bg7 6. Bb2 O-O 7. d3 d4 8. Nf3 c5
9. b4 a5 10. bxc5 Nc6 11. Na3 Nd7 12. Nb5 Nxc5 13. Ba3 Na6 14. O-O Nab4 15. Qb1
e5 16. Nd2 f5 17. Bc1 Be6 18. a3 Na6 19. f4 exf4 20. gxf4 Nab4 1-0

[Event "Cali op"]
[Site "Cali"]
[Date "2008.12.26"]
[Round "1"]
[White "Delgado Ramirez, Neuris"]
[Black "Bassan Noriega, Remo Enrique"]
[Result "1-0"]
[WhiteElo "2549"]
[BlackElo "2179"]
[PlyCount "119"]
[EventDate "2008.12.26"]
[EventType "swiss"]
[EventRounds "9"]
[EventCountry "COL"]
[SourceTitle "CBM 128 Extra"]
[Source "ChessBase"]
[SourceDate "2009.03.05"]
[SourceVersion "2"]
[SourceVersionDate "2009.03.25"]
[SourceQuality "1"]

1. c4 Nf6 2. g3 g6 3. Bg2 d5 4. Qa4+ c6 5. cxd5 Nxd5 6. Nc3 Nb6 7. Qh4 e5 8.
Qxd8+ Kxd8 9. Nf3 Bg7 10. O-O Na6 11. d4 exd4 12. Nxd4 Ke7 13. Bg5+ f6 14. Bf4
g5 15. Be3 Nc4 16. Bc1 Rd8 17. Rd1 Be6 18. b3 Na5 19. Ba3+ c5 20. Nxe6 Kxe6 21.
Ne4 Bf8 22. Bh3+ Kf7 23. f4 gxf4 24. Rf1 Bh6 25. Bb2 Nb4 26. Bxf6 Re8 27. Bg5
Bxg5 28. Nxg5+ Kf6 29. gxf4 h6 30. Nf3 Rxe2 31. Rad1 Rg8+ 32. Kh1 Nc2 33. Ne5
Nd4 34. Nd7+ Kf7 35. Nxc5 Nac6 36. Nxb7 Rxa2 37. b4 a6 38. Rfe1 Rb8 39. Bg2
Rxb7 40. Bd5+ Kf6 41. Bxa2 Rxb4 42. Bd5 Ne7 43. Re4 Nef5 44. Be6 Rb5 45. Bd7
Ra5 46. Rexd4 Nxd4 47. Rxd4 Ra2 48. Bg4 a5 49. Rd6+ Kg7 50. f5 Rf2 51. Rd4 Ra2
52. Kg1 a4 53. Rd6 Ra1+ 54. Kg2 Rc1 55. Bh5 a3 56. f6+ Kh7 57. Rd7+ Kg8 58. Bg6
Rc8 59. Rg7+ Kf8 60. Rh7 1-0

[Event "Cali op"]
[Site "Cali"]
[Date "2008.12.26"]
[Round "2"]
[White "Beltran, Carlos Armando"]
[Black "Delgado Ramirez, Neuris"]
[Result "0-1"]
[WhiteElo "2230"]
[BlackElo "2549"]
[PlyCount "100"]
[EventDate "2008.12.26"]
[EventType "swiss"]
[EventRounds "9"]
[EventCountry "COL"]
[SourceTitle "CBM 128 Extra"]
[Source "ChessBase"]
[SourceDate "2009.03.05"]
[SourceVersion "2"]
[SourceVersionDate "2009.03.25"]
[SourceQuality "1"]

1. Nf3 Nf6 2. g3 d5 3. Bg2 Bg4 4. O-O Nbd7 5. d3 e5 6. h3 Bxf3 7. Bxf3 Bc5 8.
Nc3 c6 9. e4 dxe4 10. Nxe4 Nxe4 11. dxe4 Qe7 12. Qe2 g6 13. Rd1 O-O-O 14. Bg4
h5 15. Bxd7+ Rxd7 16. Be3 Rhd8 17. Rxd7 Rxd7 18. h4 Bxe3 19. Qxe3 Qb4 20. b3 b6
21. a3 Qd2 22. Qxd2 Rxd2 23. Rc1 Re2 24. Kf1 Rxe4 25. c3 a5 26. a4 Kc7 27. Rd1
c5 28. Rc1 Kc6 29. f3 Re3 30. Kf2 Rd3 31. Ke2 Rd6 32. c4 Rd4 33. Rf1 Kd6 34.
Rc1 Ke6 35. Rf1 Kf5 36. Ke3 f6 37. Ke2 g5 38. hxg5 fxg5 39. Ke3 h4 40. gxh4
Rxh4 41. Rd1 Rh3 42. Rd8 g4 43. Rf8+ Ke6 44. Ke4 Rxf3 45. Re8+ Kd6 46. Rg8 Rf4+
47. Ke3 Ke6 48. Rg6+ Kf5 49. Rxb6 g3 50. Rb8 g2 0-1

[Event "Cali op"]
[Site "Cali"]
[Date "2008.12.27"]
[Round "3"]
[White "Delgado Ramirez, Neuris"]
[Black "Garcia, Alvaro"]
[Result "1-0"]
[WhiteElo "2549"]
[BlackElo "2091"]
[PlyCount "65"]
[EventDate "2008.12.26"]
[EventType "swiss"]
[EventRounds "9"]
[EventCountry "COL"]
[SourceTitle "CBM 128 Extra"]
[Source "ChessBase"]
[SourceDate "2009.03.05"]
[SourceVersion "2"]
[SourceVersionDate "2009.03.25"]
[SourceQuality "1"]

1. e4 c5 2. Nf3 d6 3. d4 cxd4 4. Nxd4 Nf6 5. Nc3 a6 6. Be2 e5 7. Nb3 Be6 8. O-O
Nbd7 9. a4 Rc8 10. Be3 Be7 11. f3 O-O 12. Qe1 d5 13. exd5 Nxd5 14. Nxd5 Bxd5
15. Bd3 Bxb3 16. cxb3 Nc5 17. Bc4 Bg5 18. Rd1 Qe7 19. Bd5 Ne6 20. g3 Rfd8 21.
Bf2 Bf6 22. Kh1 Rc2 23. Bb6 Rdc8 24. Rf2 Rxf2 25. Qxf2 Nd4 26. Bc4 Qb4 27. a5
Nxb3 28. Bd5 Nxa5 29. Bxa5 Qxa5 30. Bxb7 Rc7 31. Qa7 g6 32. Qxa6 Qb4 33. Qxf6
1-0

[Event "Cali op"]
[Site "Cali"]
[Date "2008.12.27"]
[Round "4"]
[White "Carvajal, Nolberto"]
[Black "Delgado Ramirez, Neuris"]
[Result "0-1"]
[WhiteElo "2293"]
[BlackElo "2549"]
[PlyCount "38"]
[EventDate "2008.12.26"]
[EventType "swiss"]
[EventRounds "9"]
[EventCountry "COL"]
[SourceTitle "CBM 128 Extra"]
[Source "ChessBase"]
[SourceDate "2009.03.05"]
[SourceVersion "2"]
[SourceVersionDate "2009.03.25"]
[SourceQuality "1"]

1. e4 c5 2. Nf3 d6 3. d4 cxd4 4. Qxd4 a6 5. c4 Nc6 6. Qd2 g6 7. b3 Bg7 8. Bb2
Bxb2 9. Qxb2 Nf6 10. Nc3 Qa5 11. a3 O-O 12. Be2 Bg4 13. O-O Bxf3 14. Bxf3 Nd4
15. Bd1 e5 16. f4 exf4 17. Nd5 Nxd5 18. Qxd4 Ne3 19. Rxf4 Qe1+ 0-1

[Event "Cali op"]
[Site "Cali"]
[Date "2008.12.28"]
[Round "5"]
[White "Delgado Ramirez, Neuris"]
[Black "Mekhitarian, Krikor Sevag"]
[Result "1-0"]
[WhiteElo "2549"]
[BlackElo "2511"]
[PlyCount "130"]
[EventDate "2008.12.26"]
[EventType "swiss"]
[EventRounds "9"]
[EventCountry "COL"]
[SourceTitle "CBM 128 Extra"]
[Source "ChessBase"]
[SourceDate "2009.03.05"]
[SourceVersion "2"]
[SourceVersionDate "2009.03.25"]
[SourceQuality "1"]

1. e4 c5 2. Nf3 d6 3. Bb5+ Bd7 4. Bxd7+ Qxd7 5. O-O g6 6. c3 Bg7 7. d4 cxd4 8.
cxd4 Nf6 9. Nc3 O-O 10. Qe2 e6 11. h3 Nc6 12. Rd1 d5 13. e5 Ne8 14. Bf4 f6 15.
Bg3 fxe5 16. Nxe5 Nxe5 17. dxe5 Bh6 18. Qg4 Qf7 19. Nb5 Ng7 20. Nd6 Qc7 21. Rd3
Nf5 22. Rad1 Qe7 23. Bh2 Rad8 24. Qa4 a6 25. Rb3 Rd7 26. Rc3 Rfd8 27. Qb4 Bf8
28. Qb6 Nxd6 29. exd6 Qe8 30. Rc7 Bxd6 31. Bxd6 Rxd6 32. Qxb7 R6d7 33. Rxd7
Qxd7 34. Qxa6 d4 35. Qd3 Qd5 36. a4 Rb8 37. Qxd4 Qxd4 38. Rxd4 Rxb2 39. Rd7 Rb4
40. a5 Ra4 41. Ra7 g5 42. a6 h5 43. Kf1 Ra2 44. Ke1 Kf8 45. Kd1 g4 46. hxg4
hxg4 47. Kc1 g3 48. fxg3 Ke8 49. g4 e5 50. Kb1 Ra5 51. Kc2 Kf8 52. Kc3 Ra4 53.
Kb3 Ra1 54. Kc4 e4 55. Kd4 Ra4+ 56. Ke3 Kg8 57. g5 Kf8 58. g6 Kg8 59. g3 Ra1
60. Kxe4 Ra2 61. Ra8+ Kg7 62. g4 Kxg6 63. Kd5 Kf6 64. Kc6 Ke7 65. Kb7 Rb2+ 1-0

[Event "Cali op"]
[Site "Cali"]
[Date "2008.12.28"]
[Round "6"]
[White "Clavijo, Jorge Mario"]
[Black "Delgado Ramirez, Neuris"]
[Result "1/2-1/2"]
[WhiteElo "2358"]
[BlackElo "2549"]
[PlyCount "24"]
[EventDate "2008.12.26"]
[EventType "swiss"]
[EventRounds "9"]
[EventCountry "COL"]
[SourceTitle "CBM 128 Extra"]
[Source "ChessBase"]
[SourceDate "2009.03.05"]
[SourceVersion "2"]
[SourceVersionDate "2009.03.25"]
[SourceQuality "1"]

1. d4 Nf6 2. c4 e6 3. Nc3 Bb4 4. f3 d5 5. a3 Bxc3+ 6. bxc3 c6 7. e4 dxe4 8.
fxe4 e5 9. Nf3 Bg4 10. Qd3 Nfd7 11. Be2 Bxf3 12. Qxf3 Qh4+ 1/2-1/2

[Event "Cali op"]
[Site "Cali"]
[Date "2008.12.29"]
[Round "7"]
[White "Delgado Ramirez, Neuris"]
[Black "Rojas Barrero, Andres Humberto"]
[Result "1-0"]
[WhiteElo "2549"]
[BlackElo "2255"]
[PlyCount "63"]
[EventDate "2008.12.26"]
[EventType "swiss"]
[EventRounds "9"]
[EventCountry "COL"]
[SourceTitle "CBM 128 Extra"]
[Source "ChessBase"]
[SourceDate "2009.03.05"]
[SourceVersion "2"]
[SourceVersionDate "2009.03.25"]
[SourceQuality "1"]

1. e4 e5 2. Nf3 Nc6 3. Bb5 a6 4. Ba4 Nf6 5. Qe2 b5 6. Bb3 Bc5 7. d3 O-O 8. c3
d6 9. Bg5 Be6 10. Nbd2 Qe7 11. Nf1 h6 12. Bh4 Rab8 13. Ne3 Ba7 14. h3 a5 15.
Ng4 Bxg4 16. hxg4 a4 17. Bc2 Qe6 18. g5 Ng4 19. gxh6 Qxh6 20. Rh3 f6 21. Bg3
Qg6 22. O-O-O Nh6 23. a3 Qf7 24. Rdh1 b4 25. axb4 Nxb4 26. cxb4 Rxb4 27. Rxh6
gxh6 28. Nh4 Qg7 29. Nf5 Qg5+ 30. f4 exf4 31. Rh5 Be3+ 32. Kd1 1-0

[Event "CUB-ch"]
[Site "Las Tunas"]
[Date "2009.01.20"]
[Round "1"]
[White "Bruzon Batista, Lazaro"]
[Black "Delgado Ramirez, Neuris"]
[Result "1/2-1/2"]
[WhiteElo "2617"]
[BlackElo "2550"]
[PlyCount "100"]
[EventDate "2009.01.20"]
[EventType "tourn"]
[EventRounds "9"]
[EventCountry "CUB"]
[EventCategory "12"]
[SourceTitle "CBM 129"]
[Source "ChessBase"]
[SourceDate "2009.03.25"]
[SourceVersion "1"]
[SourceVersionDate "2009.03.25"]
[SourceQuality "1"]

1. d4 d5 2. c4 e6 3. Nc3 Be7 4. cxd5 exd5 5. Bf4 c6 6. e3 Bf5 7. Nge2 Nd7 8.
Ng3 Bg6 9. Be2 Qb6 10. Qd2 h5 11. h4 Qd8 12. Bd3 Bxd3 13. Qxd3 g6 14. e4 dxe4
15. Ngxe4 Qa5 16. d5 Ngf6 17. dxc6 bxc6 18. Nd6+ Kf8 19. O-O-O Kg7 20. Rhe1
Bxd6 21. Qxd6 Rhe8 22. Rxe8 Rxe8 23. Qxc6 Qf5 24. Bg3 Ne5 25. Qd6 a5 26. Qd4
Re7 27. b3 Nc6 28. Qd3 Qg4 29. Qd6 Qc8 30. Kb2 Rd7 31. Qc5 Rxd1 32. Nxd1 Ne4
33. Qd5 Nxg3 34. fxg3 Nb4 35. Qd4+ Kg8 36. Ne3 Qb8 37. a3 Nc6 38. Qf4 Qb5 39.
Nc4 Qd5 40. Qf3 Qd4+ 41. Ka2 Qc5 42. Qe3 Qd5 43. Qd2 Qe4 44. Nb2 Qe5 45. Qf4
Qe2 46. Qf3 Qc2 47. Qd5 Kg7 48. Ka1 Qc1+ 49. Ka2 Qc2 50. Ka1 Qc1+ 1/2-1/2

[Event "CUB-ch"]
[Site "Las Tunas"]
[Date "2009.01.21"]
[Round "2"]
[White "Gonzalez Vidal, Yuri"]
[Black "Delgado Ramirez, Neuris"]
[Result "1/2-1/2"]
[WhiteElo "2507"]
[BlackElo "2550"]
[PlyCount "53"]
[EventDate "2009.01.20"]
[EventType "tourn"]
[EventRounds "9"]
[EventCountry "CUB"]
[EventCategory "12"]
[SourceTitle "CBM 129"]
[Source "ChessBase"]
[SourceDate "2009.03.25"]
[SourceVersion "1"]
[SourceVersionDate "2009.03.25"]
[SourceQuality "1"]

1. d4 d5 2. c4 e6 3. Nc3 Be7 4. Nf3 Nf6 5. Bf4 O-O 6. e3 Nbd7 7. cxd5 Nxd5 8.
Nxd5 exd5 9. a3 c5 10. dxc5 Nxc5 11. Be2 Qb6 12. b4 Ne6 13. Be5 a5 14. b5 Nc5
15. a4 Ne4 16. O-O Be6 17. Bd4 Qd8 18. Bb2 Rc8 19. Nd4 Nc3 20. Bxc3 Rxc3 21.
Rc1 Rxc1 22. Qxc1 Qd7 23. Qb1 Rc8 24. Rc1 Bf6 25. Rxc8+ Qxc8 26. Nxe6 fxe6 27.
Bd3 1/2-1/2